000
00333nam a2200133Ia 4500
008
240624s9999 xx 000 0 und d
041
_a
eng
082
_a
332 SOR
100
_a
SOROS GEORGE
245
_a
ALCHEMY OF FINANCE
260
_c
2003
_a
New Jersey
_b
John Wiley and Sons
300
_a
xx, : 391 : p. : cm. ; 23
365
_c
_b
30
999
_c
19021
_d
19021